00421nam a2200157Ia 4500003000400000008004100004040001600045082001300061100002300074245005300097260004000150300001000190490002600200650001500226650002200241GCL140319s9999 xx 000 0 eng d aGCL / cGCL04a843bA L1 aAUDOUX, MARGUERITE10aL'ATELIER DE MARIE-CLAIRE / cAUDOUX, MARGUERITE a[S.N] : bBERNARD GRASSET ، c1992 a269 P aLES CAHIERS ROUGESv004aLITERATURE04aFRENCH LITERATURE